000 00670nam a2200253Ia 4500
003 OSt
005 20220918174709.0
006 a|||||r|||| 00| 0
007 ta
008 220917b |||||||| |||| 00| 0 eng d
024 _a13,720
037 _cTextual
040 _aARTS
_cARTS
_beng
041 _2eng
_aeng
082 _aNR44, A, L8
100 _aBhattacharya Arun
_951427
245 0 _aTreatise on ancient Hindu music
260 _aCalcutta
_bK P Bagchi and Co. India
_c1978
300 _a176p.
_ccm.
500 _aBibliography 159-162pl
650 _aARTS
942 _hNR44, A, L8
_cTEXL
_2CC
999 _c154325
_d154325